• 首页
  • 本馆介绍
  • 公告通知
  • 最新文献
  • 馆藏检索
  • 电子资源
  • 读者导购
  • 参考咨询
  • 我的图书馆
  • 登录
  • 详细信息显示
  • 放入我的书架
  • 预约/预借图书
  • 作者相关作品
  • 分类相关作品
  • 丛书相关作品
  • 出版社相关作品

书目信息

  • 表格格式
  • 工作单格式
  • 卡片格式
题名:
课程教学技能训练指导
    
 
作者: 杨国全 主编 ;—
分册:  
出版信息:   中国林业出版社  2001
页数: 357页
开本: 20cm
丛书名: 教师职业技能训练丛书
单 册:
中图分类: G424.31
科图分类:
主题词: 教学理论
电子资源:
ISBN: 7-5038-2878-1
000 00646nam0 2200217 450
001 0735592734
005 20070906095312.73
010    @a7-5038-2878-1@d¥24.00
100    @a20070906d km y0chiy0120 ea
101 0  @achi
200 1  @a课程教学技能训练指导@Ake cheng jiao xue ji neng xun lian zhi dao@f杨国全主编@Fyang guo quan zhu bian@g—
210    @c中国林业出版社@d2001
215    @a357页@d20cm
225 2  @a教师职业技能训练丛书
410  0 @12001 @a教师职业技能训练丛书
606 0  @a教学理论
690    @aG424.31@v3
701  0 @a杨国全@Ayang guo quan@4主编
702  0 @a—
801  0 @aCN@bPFT@c20070906
905    @a213230@dG424.31@eP4@f1
    
    课程教学技能训练指导/杨国全主编/—.-中国林业出版社,2001
    357页;20cm.-(教师职业技能训练丛书)
    
    
    ISBN 7-5038-2878-1:¥24.00
    
●
相关链接 在E读中查询图书 在五车中查询图书 在当当中查询图书 在豆瓣中查询图书


正题名:课程教学技能训练指导     索取号:G424.31/P4         预约/预借

序号 登录号 条形码 馆藏地/架位号 状态 备注
1 7201184   272011841   密集书库-物理学院/ [索取号:G424.31/P4] 在馆    
唐山师范学院图书馆 欢迎您!
大连网信软件有限公司© 版权所有